000 00995nas a2200337 4500
001 BR2010002652
003 BR-BrBNA
005 20231205114239.0
007 ta
008 230509b bl.|||p| |||| 00| 00por d
040 _aBR-BrBNA
_bpor
_cBiblioteca Nacional de Agricultura
041 _a(Pt)
072 _aF01; F63
100 1 _aSilveira, G. da
100 1 _aCarvalho, F.I.F. de
100 1 _aOliveira, A.C. de
100 1 _aValério, I.P.
100 1 _aBenin, G.
100 1 _aRibeiro, G.
100 1 _aCrestani, M.
100 1 _aLuche, H. de S.
100 1 _aSilva, J.A.G. da
245 1 _aEfeito da densidade de semeadura e potencial de afilhamento sobre a adaptabilidade e estabilidade em trigo
650 _aTRIGO
650 _aSEMEADURA
650 _aACLIMATAÇÃO
650 _aAFILHAMENTO
773 0 _tBragantia (Brazil)
_xISSN 0006-8705
_g(Jan-Mar 2010), v. 69(1) p. 63-70
_wBR2010002652
909 _a202311
_bLúcia
_c55
_dLúcia Elande
942 _2AGRIS
_n0
_cANA
999 _c207810
_d207810